000 00210 a2200097 4500
020 _a9780316911481
041 _aeng
100 _aVon Ziegesar, Cecily
245 _aYou know you love me a Gossip Girl
942 _cBK
999 _c9299
_d9299